| 000 | 00817nas a2200265 4500 | ||
|---|---|---|---|
| 001 | BR9705101 | ||
| 003 | BR-BrBNA | ||
| 005 | 20231205100609.0 | ||
| 007 | ta | ||
| 008 | 230509b bl.|||p| |||| 00| 00por d | ||
| 040 |
_aBR-BrBNA _bpor _cBiblioteca Nacional de Agricultura |
||
| 041 | _a(Pt) | ||
| 072 | _aQ04 | ||
| 100 | 1 | _aPereira, S.M.M.R. | |
| 100 | 1 | _aAndrade, E.C.B. | |
| 100 | 1 | _aBruno, M.B. | |
| 100 | 1 | _aNovaes, T.V. | |
| 245 | 1 | _aDeterminacao da composicao centesimal em aparas de alimentos | |
| 650 | _aComposicao Quimica | ||
| 650 | _aHortalica | ||
| 650 | _aFruta | ||
| 773 | 0 |
_tBoletim da Sociedade Brasileira de Ciencia e Tecnologia de Alimento (Brazil) _xISSN 0101-3637 _g(Jun-Dec 1996), v. 30(2) p. 118-120 _wBR9705101 |
|
| 909 |
_a202311 _bLúcia _c55 _dLúcia Elande |
||
| 942 |
_2AGRIS _n0 _cANA |
||
| 999 |
_c156912 _d156912 |
||